Practical Aspects of Forensic Medicine (Record no. 33790)

MARC details
000 -LEADER
fixed length control field 00500nam a22001817a 4500
005 - DATE AND TIME OF LATEST TRANSACTION
control field 20231011165155.0
008 - FIXED-LENGTH DATA ELEMENTS--GENERAL INFORMATION
fixed length control field 231006b |||||||| |||| 00| 0 eng d
020 ## - INTERNATIONAL STANDARD BOOK NUMBER
ISBN 9788184489941
082 ## - DEWEY DECIMAL CLASSIFICATION NUMBER
Classification number 614.1
Item number GOR
100 ## - MAIN ENTRY--AUTHOR
Author Name Gorea,R.K
245 ## - TITLE STATEMENT
Title Practical Aspects of Forensic Medicine
Remainder of title A Manual for Undergraduates and General Practitioners
260 ## - PUBLICATION, DISTRIBUTION, ETC.
Place of Publication India
Name of publisher, distributor, etc. Jaypee Brother
Date of publication, distribution, etc. 2010
300 ## - PHYSICAL DESCRIPTION
Pages 296
500 ## - GENERAL NOTE
General note Include Index
650 ## - SUBJECT ADDED ENTRY--TOPICAL TERM
Subject / Department Medical
700 ## - ADDED ENTRY--PERSONAL NAME
Personal name Gorea RK
942 ## - ADDED ENTRY ELEMENTS (KOHA)
-- Book
-- BOOK
952 ## - LOCATION AND ITEM INFORMATION (KOHA)
-- 0
-- 0
Holdings
Lost status Damaged status Collection code Permanent Location Current Location Shelving Location Date acquired Full Call Number Accession No./Barcode Date last seen item type
    Medical /Allied Heath Science Superior Information Resource Center (SIRC) Superior University- Central Library Superior Information Resource Center (SIRC) Superior University- Central Library Medical 10/06/2023 614.1 GOR-P 2010 20652 10/06/2023 BOOK

Powered by Koha